| 000 | 00459nam a22001697a 4500 | ||
|---|---|---|---|
| 005 | 20240429085816.0 | ||
| 008 | 240429b |||||||| |||| 00| 0 eng d | ||
| 082 |
_a617.76 _bRAI-B |
||
| 100 | _aRains Harding A.J | ||
| 245 |
_aShort Practice of Surgery / _cA.J Harding Rains |
||
| 250 | _a20th ed. | ||
| 260 |
_aLondon : _bLewis & co; _c1988. |
||
| 300 |
_axi,1406p. _bill, _c24cm. |
||
| 500 | _ainclude index. | ||
| 650 | _aMedical / Surgery | ||
| 999 |
_c35612 _d35612 |
||